Partidos políticos y elecciones en Guatemala
Gardado en:
| Formato: | Libro |
|---|---|
| Idioma: | Spanish |
| Materias: | |
| Etiquetas: |
Engadir etiqueta
Sen Etiquetas, Sexa o primeiro en etiquetar este rexistro!
|
MARC
| LEADER | 00000nam a22000007a 4500 | ||
|---|---|---|---|
| 003 | cru CIDCACS/IIS | ||
| 005 | 20191202114156.0 | ||
| 008 | 191202b ||||| |||| 00| 0 spa d | ||
| 999 | |c 42688 |d 42688 | ||
| 040 | |c cru CIDCACS/IIS | ||
| 245 | 0 | |a Partidos políticos y elecciones en Guatemala | |
| 300 | |a página 128 | ||
| 650 | 0 | |9 3691 |a POLITICA | |
| 650 | 0 | |9 413 |a PARTIDOS POLITICOS | |
| 650 | 0 | |9 306 |a ELECCIONES | |
| 651 | 0 | |9 142 |a GUATEMALA | |
| 773 | 0 | |0 42391 |9 3934 |a Agencia Latinoamericana de Información, ALAI |d Quito, Ecuador: ALAI |o 03988 |t ALAI: |x 08275564 (Servicio mensual de información y documentación) | |
| 942 | |2 ddc |c PP | ||
